| 000 | 00370cam a22001217a 4500 | ||
|---|---|---|---|
| 008 | 180718b1973 xxu||||| |||| 00| 0 eng d | ||
| 082 | _aK8503x54 G959 | ||
| 100 | _aGupta, Jaysankar | ||
| 245 |
_aCommentary on the payment of Gratuity Act, 1972 _cby Jaysankar Gupta |
||
| 260 |
_aCalcutta _bManisons Law _c1973 |
||
| 300 | _a241p. | ||
| 650 | _aPensions - India - Legislation | ||
| 999 |
_c345243 _d345243 |
||